| 000 | 00575nam a22001817a 4500 | ||
|---|---|---|---|
| 005 | 20251108172239.0 | ||
| 008 | 250721s1986 xx 000 0 ara d | ||
| 082 | 1 | 4 | _a811.63809/أحمم |
| 100 | 1 | _aالهيب، أحمد فوزي | |
| 245 | 1 | 0 | _aالحركة الشعرية زمن المماليك في حلب الشهباء / |
| 264 | 1 |
_aبيروت : _bمؤسسة الرسالة، _c1986. |
|
| 300 | _a475ص | ||
| 650 | 1 | 7 | _aالشعر العربي |
| 650 | 1 | 7 | _aالعصر المماليك |
| 650 | 1 | 7 | _aالنقد الأدبي |
| 942 |
_2ddc _cBK |
||
| 999 |
_c74158 _d74158 |
||